01058nam a2200277Ia 4500001001100000003000800011006001900019007001500038008004100053040002100094035002100115050002400136100003000160245006100190260004200251300001000293533015200303600003800455630003500493630004700528650001700575655002900592710001700621856012500638999001700763ebr5000827CaPaEBRm u cr cn|||||||||010524s2001 ncu s 000 0 eng d aCaPaEBRcCaPaEBR a(OCoLC)68063292814aPR3563b.M55 2001eb1 aMilton, John,d1608-1674.10aParadise regainedh[electronic resource] /cJohn Milton. aRaleigh, NC :bAlex Catalogue,c2001. a38 p. aElectronic reproduction.bPalo Alto, Calif. :cebrary,d2010.nAvailable via World Wide Web.nAccess may be limited to ebrary affiliated libraries.00aSamsonc(Biblical judge)vPoetry.00aBible.pN.T.pGospelsvPoetry.00aBiblexHistory of Biblical eventsvPoetry. 0aEpic poetry. 7aElectronic books.2local2 aebrary, Inc.40uhttp://site.ebrary.com/lib/rucke/Doc?id=5000827zAn electronic book accessible through the World Wide Web; click to view c17951d17951